High-voltage engineering : Theory and practice

Enregistré dans:
Détails bibliographiques
Auteurs principaux: Abdel-Salam, Mazen (Auteur), Anis, Hussein (Auteur), El-Morshedy, Ahdab (Auteur), Radwan, Roshdy (Auteur)
Format: Livre
Langue:anglais
Publié: Boca Raton : CRC Press, 2000
Édition:2th ed. rev and exp.
Sujets:
Tags: Ajouter un tag
Pas de tags, Soyez le premier à ajouter un tag!

MARC

LEADER 00000nam a22000003a 4500
001 stu184668
005 20150617230040.7
008 090522s2000----xxu-----------------eng-d
020 |a 0-8247-0402-9 
040 |a STU  |b slo 
041 0 |a eng 
044 |a xxu 
080 |a 621.3.027.3 
080 |a 537-77 
080 |a 621.31 
080 |a 621.317.32.027.3  |7 stu_us_auth*stu5969 
080 |a A5280 
084 |a B2810  |2 INS 
084 |a B7310B  |2 INS 
084 |a B8130  |2 INS 
084 |a B8140  |2 INS 
084 |a B8300  |2 INS 
100 1 |a Abdel-Salam, Mazen  |4 aut 
245 1 |a High-voltage engineering :  |b Theory and practice 
250 |a 2th ed. rev and exp. 
260 |a Boca Raton :  |b CRC Press,  |c 2000 
300 |a 725 s 
650 7 |a meranie  |2 stusub 
650 7 |a prenos elektrickej energie  |2 stusub 
650 7 |a elektrické výboje  |2 stusub 
650 7 |a vodiče  |2 stusub 
650 7 |a izolanty  |2 stusub 
650 7 |a uzemnenia  |2 stusub 
650 7 |a prepätie  |2 stusub 
650 7 |a technika vysokých napätí  |2 stusub 
700 1 |a Anis, Hussein  |4 aut 
700 1 |a El-Morshedy, Ahdab  |4 aut 
700 1 |a Radwan, Roshdy  |4 aut 
996 |b 284EK87984  |c E*87984  |l EE06  |s P  |a 0  |w stu184668_0001